000
00283nam a22001097a 4500
999
_c
12531
_d
12531
020
_a
9788131520765
082
_a
150.28
100
_a
Kaplan, Robert M.
245
_a
Psychological Assessment and Theory
_b
: Creating and Using Psychological Tests
250
_a
8th edition
942
_c
BK